2019 Formula 1 Drivers - Statistics

General Stats
  • This quiz has been taken 178 times
    155 since last reset
  • The average score is 19 of 20
Answer Stats
Team Driver % Correct
Mercedes Lewis Hamilton
99%
Red Bull Max Verstappen
99%
Ferrari Sebastian Vettel
99%
Mercedes Valtteri Bottas
99%
McLaren Carlos Sainz Jr.
98%
McLaren Lando Norris
98%
Racing Point Sergio Pérez
98%
Renault Daniel Ricciardo
97%
Red Bull Alex Albon
96%
Alfa Romeo Kimi Räikkönen
96%
Toro Rosso Pierre Gasly
96%
Ferrari Charles Leclerc
95%
Haas Kevin Magnussen
95%
Renault Nico Hülkenberg
95%
Williams George Russell
93%
Racing Point Lance Stroll
92%
Haas Romain Grosjean
91%
Toro Rosso Daniil Kvyat
86%
Alfa Romeo Antonio Giovinazzi
84%
Williams Robert Kubica
79%
No matching quizzes found
Score Distribution
Percent of People with Each Score
Percentile by Number Answered
Your Score History
You have not taken this quiz since the last reset